[Event "Oberliga Nord N 1920"]
[Site "Germany"]
[Date "2020.01.19"]
[Round "5.8"]
[White "Lampe, Dirk"]
[Black "Harder, Clemens"]
[Result "0-1"]
[WhiteElo "2153"]
[BlackElo "2152"]
[PlyCount "96"]
[EventDate "2019.09.29"]
[EventType "team-tourn"]
[EventRounds "9"]
[EventCountry "GER"]
[SourceTitle "CBM 195 Extra"]
[Source "ChessBase"]
[SourceDate "2020.05.31"]
[SourceVersion "1"]
[SourceVersionDate "2020.05.31"]
[SourceQuality "1"]

1. e4 e5 2. Nf3 Nc6 3. Bb5 a6 4. Ba4 d6 5. 0-0 Bd7 6. d4 exd4 7. Bxc6 Bxc6 8. Nxd4 Qd7 9. c4 Be7 10. Nc3 Bf6 11. Be3 Ne7 12. Qc2 0-0 13. Rfd1 Bxd4 14. Bxd4 Qe6 15. Nd5 Rac8 16. Rd3 Ng6 17. Qc3 f6 18. Re1 Qf7 19. Qd2 Rce8 20. b3 Qd7 21. Nc3 f5 22. Rde3 f4 23. Rf3 Qg4 24. h3 Qg5 25. Nd5 Bxd5 26. cxd5 Rf7 27. Rc3 c5 28. dxc6 bxc6 29. f3 c5 30. Bf2 Re6 31. Kf1 Ne5 32. g4 Qe7 33. Qd5 Rf8 34. Kg2 g5 35. Rec1 Rb8 36. Rh1 h6 37. h4 Kg7 38. Rh3 Rg6 39. Rc1 Qf7 40. Bxc5 Qxd5 41. exd5 dxc5 42. Rxc5 Rd6 43. Rh1 Rb5 44. Rc7+ Rd7 45. Rxd7+ Nxd7 46. Rd1 Kg6 47. hxg5 hxg5 48. Rh1 Ne5 0-1

[Event "Hamburg-chT Landesliga 1920"]
[Site "Hamburg"]
[Date "2019.09.29"]
[Round "1.1"]
[White "Voigt, Gerrit"]
[Black "Harder, Clemens"]
[Result "1/2-1/2"]
[WhiteElo "2142"]
[BlackElo "2160"]
[PlyCount "64"]
[EventDate "2019.09.29"]
[EventType "team-tourn"]
[EventRounds "9"]
[EventCountry "GER"]
[SourceTitle "EXT 2021"]
[Source "ChessBase"]
[SourceDate "2020.10.23"]
[SourceVersion "1"]
[SourceVersionDate "2020.10.23"]
[SourceQuality "1"]

1. e4 e5 2. Nf3 Nc6 3. Bc4 Nf6 4. d3 Bc5 5. c3 a6 6. h3 d6 7. Bb3 Ba7 8. Nbd2 h6 9. Nf1 Be6 10. Bc2 d5 11. Qe2 dxe4 12. dxe4 Qe7 13. Ng3 0-0 14. Nh4 Qd7 15. Qf3 Nh7 16. Nhf5 Bxf5 17. Nxf5 Ne7 18. 0-0 Nxf5 19. exf5 c6 20. Qg3 Qd6 21. Rd1 Qf6 22. Rd7 b5 23. Be3 Bxe3 24. Qxe3 Rfd8 25. Rad1 Nf8 26. Rxd8 Rxd8 27. Rxd8 Qxd8 28. Qxe5 Qd2 29. Bb3 Qxb2 30. Qc7 Qb1+ 31. Kh2 Qxf5 32. Qxc6 Qf4+ 1/2-1/2

[Event "Oberliga Nord N 1718"]
[Site "Germany"]
[Date "2018.04.15"]
[Round "9.6"]
[White "Woelk, Tom Frederic"]
[Black "Harder, Clemens"]
[Result "0-1"]
[WhiteElo "2191"]
[BlackElo "2176"]
[PlyCount "56"]
[EventDate "2017.10.08"]
[EventType "team-tourn"]
[EventRounds "9"]
[EventCountry "GER"]
[SourceTitle "EXT 2019"]
[Source "ChessBase"]
[SourceDate "2018.10.10"]
[SourceVersion "1"]
[SourceVersionDate "2018.10.10"]
[SourceQuality "1"]
[WhiteTeam "Hamburg Diogenes"]
[BlackTeam "Hamburg Koenigsspringer"]
[WhiteTeamCountry "GER"]
[BlackTeamCountry "GER"]

1. e4 e5 2. Nf3 Nc6 3. Bb5 a6 4. Ba4 d6 5. c3 f5 6. exf5 Bxf5 7. 0-0 Be7 8. Re1 Nf6 9. d4 e4 10. Nh4 Bg4 11. f3 exf3 12. Nxf3 0-0 13. Bg5 h6 14. Bh4 Nd5 15. Bxe7 Ncxe7 16. Nbd2 Nf4 17. Qb3+ d5 18. Qxb7 Rb8 19. Qxa6 Bxf3 20. gxf3 Nf5 21. Qf1 Rxb2 22. Rad1 Qh4 23. Bd7 Rf6 24. Bxf5 Rxf5 25. Re5 Rf6 26. a4 Nh3+ 27. Kg2 Rg6+ 28. Kh1 Nf2+ 0-1

[Event "Oberliga Nord N 1718"]
[Site "Germany"]
[Date "2018.02.25"]
[Round "7.6"]
[White "Hamann, Carsten"]
[Black "Harder, Clemens"]
[Result "1-0"]
[WhiteElo "2143"]
[BlackElo "2176"]
[PlyCount "89"]
[EventDate "2017.10.08"]
[EventType "team-tourn"]
[EventRounds "9"]
[EventCountry "GER"]
[SourceTitle "EXT 2019"]
[Source "ChessBase"]
[SourceDate "2018.10.10"]
[SourceVersion "1"]
[SourceVersionDate "2018.10.10"]
[SourceQuality "1"]
[WhiteTeam "Preetz"]
[BlackTeam "Hamburg Koenigsspringer"]
[WhiteTeamCountry "GER"]
[BlackTeamCountry "GER"]

1. e4 e5 2. Nf3 Nc6 3. Bb5 a6 4. Ba4 d6 5. 0-0 Bd7 6. c3 Nge7 7. d4 Ng6 8. Re1 Be7 9. d5 Nb8 10. Bc2 h6 11. c4 Bg5 12. Nc3 Bxc1 13. Qxc1 0-0 14. Qe3 f5 15. exf5 Bxf5 16. Bxf5 Rxf5 17. Ne4 b6 18. b4 a5 19. a3 axb4 20. axb4 Nd7 21. Nfd2 Nf4 22. g3 Nh3+ 23. Kg2 Ng5 24. h4 Nxe4 25. Nxe4 Nf6 26. Nxf6+ Rxf6 27. Qc3 Rxa1 28. Rxa1 Rf7 29. Qe3 Qf6 30. Ra8+ Rf8 31. Rxf8+ Kxf8 32. Qf3 Ke7 33. Qg4 Kf7 34. Qd7+ Qe7 35. Qxe7+ Kxe7 36. g4 g5 37. h5 Kd7 38. Kf3 c6 39. Ke4 c5 40. bxc5 bxc5 41. Kf5 Ke7 42. Kg6 e4 43. Kf5 Kf7 44. Kxe4 Kf6 45. f4 1-0

[Event "Oberliga Nord N 1718"]
[Site "Germany"]
[Date "2017.10.23"]
[Round "2.6"]
[White "Westphal, Wolfgang"]
[Black "Harder, Clemens"]
[Result "1/2-1/2"]
[WhiteElo "2174"]
[BlackElo "2176"]
[PlyCount "59"]
[EventDate "2017.10.08"]
[EventType "team-tourn"]
[EventRounds "9"]
[EventCountry "GER"]
[SourceTitle "EXT 2019"]
[Source "ChessBase"]
[SourceDate "2018.10.10"]
[SourceVersion "1"]
[SourceVersionDate "2018.10.10"]
[SourceQuality "1"]
[WhiteTeam "Schwerin"]
[BlackTeam "Hamburg Koenigsspringer"]
[WhiteTeamCountry "GER"]
[BlackTeamCountry "GER"]

1. e4 e5 2. Nf3 Nc6 3. Nc3 Nf6 4. d4 exd4 5. Nxd4 Bb4 6. Nxc6 bxc6 7. Bd3 d5 8. exd5 cxd5 9. 0-0 0-0 10. h3 Re8 11. Qf3 c6 12. Bg5 Qd6 13. Rad1 Nd7 14. Bf4 Qf6 15. Qg3 h6 16. Ne2 Nc5 17. Nc1 Ne4 18. Bxe4 Rxe4 19. Nd3 Ba6 20. Be5 Qg5 21. Bd6 Qxg3 22. Bxg3 Bxd3 23. Rxd3 Re2 24. Rb3 Ba5 25. Rc1 Rae8 26. Rb8 Rxb8 27. Bxb8 Bb6 28. Bg3 f5 29. Kf1 Re4 30. f3 1/2-1/2

[Event "Oberliga Nord N 1617"]
[Site "Germany"]
[Date "2017.02.05"]
[Round "5.4"]
[White "Zieher, Hartmut"]
[Black "Harder, Clemens"]
[Result "1-0"]
[WhiteElo "2282"]
[BlackElo "2183"]
[PlyCount "68"]
[EventDate "2016.10.16"]
[EventType "team-tourn"]
[EventRounds "9"]
[EventCountry "GER"]
[SourceTitle "EXT 2018"]
[Source "ChessBase"]
[SourceDate "2017.10.13"]
[SourceVersion "1"]
[SourceVersionDate "2017.10.13"]
[SourceQuality "1"]
[WhiteTeam "Hamburger SK"]
[BlackTeam "Hamburg Koenigsspringer"]
[WhiteTeamCountry "GER"]
[BlackTeamCountry "GER"]

1. e4 e5 2. Nf3 Nc6 3. Bb5 a6 4. Ba4 d6 5. c3 Bd7 6. 0-0 Nge7 7. d4 Ng6 8. Be3 Be7 9. Nbd2 h6 10. Re1 Bg5 11. Nxg5 hxg5 12. Nf1 Nf4 13. d5 Nb8 14. c4 b6 15. b4 b5 16. Bb3 Qf6 17. a4 bxc4 18. Bxc4 c6 19. dxc6 Bxc6 20. Bxf4 gxf4 21. b5 Bb7 22. bxa6 Nxa6 23. Bb5+ Ke7 24. Ra3 Nc5 25. Nd2 g5 26. Nc4 Nxe4 27. Nb6 Rad8 28. Nd5+ Bxd5 29. Qxd5 Nc5 30. a5 g4 31. a6 Qh6 32. h3 Qg6 33. a7 Ra8 34. Bc6 f3 1-0

[Event "Oberliga Nord N 1516"]
[Site "Germany"]
[Date "2016.03.13"]
[Round "8.5"]
[White "Harder, Clemens"]
[Black "Peterwitz, Klaus"]
[Result "1/2-1/2"]
[WhiteElo "2184"]
[BlackElo "2094"]
[PlyCount "81"]
[EventDate "2015.09.20"]
[EventType "team-tourn"]
[EventRounds "9"]
[EventCountry "GER"]
[SourceTitle "EXT 2017"]
[Source "ChessBase"]
[SourceDate "2016.10.25"]
[SourceVersion "1"]
[SourceVersionDate "2016.10.25"]
[SourceQuality "1"]
[WhiteTeam "Hamburg Koenigsspringer"]
[BlackTeam "Bargteheide"]
[WhiteTeamCountry "GER"]
[BlackTeamCountry "GER"]

1. d4 Nf6 2. c4 g6 3. Nc3 d5 4. Nf3 Bg7 5. Qb3 dxc4 6. Qxc4 0-0 7. e4 Be6 8. Qa4 c6 9. Be2 h6 10. 0-0 Nbd7 11. h3 Nb6 12. Qc2 Bc4 13. Bxc4 Nxc4 14. a4 a5 15. Qb3 Nb6 16. Be3 Ra6 17. Rfd1 e6 18. Rac1 Re8 19. Ne5 Re7 20. Nd3 Nbd7 21. d5 exd5 22. exd5 Qe8 23. Bc5 Nxc5 24. Nxc5 Ra8 25. d6 Re5 26. d7 Qe7 27. Qxb7 Rd8 28. Nd3 Re6 29. Nf4 Rd6 30. Qb6 R8xd7 31. Re1 Qd8 32. Qc5 Nd5 33. Nfxd5 cxd5 34. Nb5 Re6 35. b3 Bf8 36. Qd4 Bg7 37. Qd2 Rxe1+ 38. Rxe1 Kh7 39. b4 axb4 40. Qxb4 d4 41. Rd1 1/2-1/2

[Event "Oberliga Nord N 1516"]
[Site "Germany"]
[Date "2016.01.17"]
[Round "5.6"]
[White "Harder, Clemens"]
[Black "Perez de Miguel, Alvaro"]
[Result "1/2-1/2"]
[WhiteElo "2184"]
[BlackElo "2230"]
[PlyCount "58"]
[EventDate "2015.09.20"]
[EventType "team-tourn"]
[EventRounds "9"]
[EventCountry "GER"]
[SourceTitle "CBM 170 Extra"]
[Source "ChessBase"]
[SourceDate "2016.02.25"]
[SourceVersion "1"]
[SourceVersionDate "2016.02.25"]
[SourceQuality "1"]
[WhiteTeam "Hamburg Koenigsspringer"]
[BlackTeam "St Pauli"]
[WhiteTeamCountry "GER"]
[BlackTeamCountry "GER"]

1. d4 d5 2. c4 c6 3. Nf3 Nf6 4. Nc3 e6 5. e3 Nbd7 6. Qc2 Bd6 7. b3 b6 8. Bd3 Bb7 9. 0-0 0-0 10. e4 dxe4 11. Nxe4 Nxe4 12. Bxe4 Nf6 13. Bg5 h6 14. Bh4 Be7 15. Bxf6 Bxf6 16. Rad1 Qc7 17. Qe2 Rad8 18. Rd2 Bc8 19. Rfd1 c5 20. h3 Rd6 21. dxc5 Rxd2 22. Nxd2 Qxc5 23. Bf3 Qc7 24. Ne4 Be7 25. Nc3 a6 26. Qe4 Bf6 27. Ne2 Rd8 28. Rxd8+ Qxd8 29. Qc2 Qd7 1/2-1/2

[Event "Hamburg St Pauli op-A"]
[Site "Hamburg"]
[Date "2015.07.22"]
[Round "6"]
[White "Langheinrich, Ferenc"]
[Black "Harder, Clemens"]
[Result "1-0"]
[WhiteElo "2376"]
[BlackElo "2188"]
[PlyCount "77"]
[EventDate "2015.07.18"]
[EventType "swiss"]
[EventRounds "9"]
[EventCountry "GER"]
[SourceTitle "EXT 2016"]
[Source "ChessBase"]
[SourceDate "2015.10.08"]
[SourceVersion "1"]
[SourceVersionDate "2015.10.08"]
[SourceQuality "1"]

1. e4 e5 2. f4 Bc5 3. Nf3 d6 4. c3 Bb6 5. d4 exd4 6. cxd4 d5 7. e5 Bg4 8. Bb5+ c6 9. Be2 Ne7 10. Be3 Nf5 11. Bf2 Bxf3 12. Bxf3 Qe7 13. a3 Nh4 14. Nc3 Nxf3+ 15. Qxf3 Na6 16. 0-0 Nc7 17. Na4 Ne6 18. Nxb6 axb6 19. f5 Ng5 20. Qb3 Qc7 21. Rac1 Rd8 22. Bg3 Ne4 23. f6 g5 24. Rce1 Qd7 25. Qxb6 h5 26. Re3 0-0 27. Be1 Rb8 28. Qb3 Kh7 29. Bb4 Rfe8 30. Be7 Kh6 31. Rxe4 dxe4 32. Qxf7 Qxd4+ 33. Kh1 Rg8 34. Qe6 Rg6 35. Qf5 e3 36. f7 e2 37. f8Q+ Rxf8 38. Bxf8+ Kh7 39. Re1 1-0

[Event "Hamburg St Pauli op-A"]
[Site "Hamburg"]
[Date "2015.07.19"]
[Round "2"]
[White "Socko, Bartosz"]
[Black "Harder, Clemens"]
[Result "1-0"]
[WhiteElo "2624"]
[BlackElo "2188"]
[PlyCount "69"]
[EventDate "2015.07.18"]
[EventType "swiss"]
[EventRounds "9"]
[EventCountry "GER"]
[SourceTitle "EXT 2016"]
[Source "ChessBase"]
[SourceDate "2015.10.08"]
[SourceVersion "1"]
[SourceVersionDate "2015.10.08"]
[SourceQuality "1"]

1. e4 e5 2. Nf3 Nc6 3. Bb5 a6 4. Ba4 d6 5. c3 Bd7 6. d4 Nge7 7. d5 Nb8 8. c4 Ng6 9. Nc3 Be7 10. Be3 0-0 11. 0-0 f5 12. Bxd7 Nxd7 13. exf5 Rxf5 14. Ne4 Nf4 15. g3 Ng6 16. Nfd2 Rf7 17. b4 b6 18. Nb3 Bf6 19. Rc1 Ne7 20. Qd3 g6 21. c5 bxc5 22. bxc5 dxc5 23. Nbxc5 Nxc5 24. Rxc5 Bg7 25. Ng5 Rf6 26. Qc4 Rd6 27. Ne6 Qb8 28. Nxg7 Kxg7 29. Rxc7 Kf8 30. Bh6+ Ke8 31. Bg5 Ng8 32. Rxh7 Qc8 33. Qa4+ Kf8 34. Qa3 Qb8 35. Qf3+ 1-0

[Event "Hamburg St Pauli op-A"]
[Site "Hamburg"]
[Date "2015.07.18"]
[Round "1"]
[White "Harder, Clemens"]
[Black "Groeppel, Peter"]
[Result "1-0"]
[WhiteElo "2188"]
[BlackElo "1947"]
[PlyCount "83"]
[EventDate "2015.07.18"]
[EventType "swiss"]
[EventRounds "9"]
[EventCountry "GER"]
[SourceTitle "EXT 2016"]
[Source "ChessBase"]
[SourceDate "2015.10.08"]
[SourceVersion "1"]
[SourceVersionDate "2015.10.08"]
[SourceQuality "1"]

1. d4 Nf6 2. c4 g6 3. Nc3 Bg7 4. e4 d6 5. Nf3 0-0 6. Be2 e5 7. 0-0 exd4 8. Nxd4 Re8 9. f3 Nc6 10. Nxc6 bxc6 11. Bg5 h6 12. Bh4 Rb8 13. Qc2 Qe7 14. Rae1 Qe5 15. Nd1 Nh5 16. Qa4 Nf4 17. Qxc6 Bb7 18. Qxc7 Qd4+ 19. Bf2 Qd2 20. Be3 Nxe2+ 21. Kf2 Bd4 22. Rxe2 Bxe3+ 23. Nxe3 Qb4 24. a3 Qc5 25. Qxc5 dxc5 26. Rd1 Bc6 27. Rd6 Rec8 28. Ng4 Kg7 29. Ne5 Be8 30. Nd3 Rb6 31. Rxb6 axb6 32. Ke3 Ba4 33. Kd2 Kf6 34. Kc3 g5 35. b4 cxb4+ 36. Kxb4 Bd7 37. Nb2 Ke5 38. Rd2 Bc6 39. Nd1 Kf4 40. Rd3 g4 41. Nc3 Kg5 42. Rd6 1-0

[Event "Bargteheide op"]
[Site "Bargteheide"]
[Date "2014.05.31"]
[Round "5"]
[White "Colpe, Malte"]
[Black "Harder, Clemens"]
[Result "1/2-1/2"]
[WhiteElo "2340"]
[BlackElo "2158"]
[PlyCount "54"]
[EventDate "2014.05.29"]
[EventType "swiss"]
[EventRounds "7"]
[EventCountry "GER"]
[SourceTitle "CBM 160 Extra"]
[Source "ChessBase"]
[SourceDate "2014.07.01"]
[SourceVersion "1"]
[SourceVersionDate "2014.07.01"]
[SourceQuality "1"]

1. d4 d5 2. c4 c6 3. Nf3 Nf6 4. Nc3 dxc4 5. a4 Bf5 6. Ne5 Nbd7 7. Nxc4 Qc7 8. g3 e5 9. dxe5 Nxe5 10. Bf4 Nfd7 11. Bg2 f6 12. 0-0 0-0-0 13. Nxe5 Nxe5 14. Qb3 Qb6 15. Qa2 a5 16. Rac1 Kb8 17. Ne4 Bxe4 18. Bxe4 g5 19. Bxe5+ fxe5 20. Qe6 Bd6 21. Rfd1 Bc7 22. b3 Rxd1+ 23. Rxd1 Rf8 24. e3 h5 25. Qh6 Qb4 26. Bg2 h4 27. Qe6 Qc5 1/2-1/2

[Event "Pinneberg-ch"]
[Site "Pinneberg"]
[Date "2013.09.12"]
[Round "6"]
[White "Schroeder, Raymond"]
[Black "Harder, Clemens"]
[Result "0-1"]
[WhiteElo "2001"]
[BlackElo "2176"]
[PlyCount "36"]
[EventDate "2013.08.08"]
[EventType "swiss"]
[EventRounds "7"]
[EventCountry "GER"]
[SourceTitle "EXT 2017"]
[Source "ChessBase"]
[SourceDate "2016.10.25"]
[SourceVersion "1"]
[SourceVersionDate "2016.10.25"]
[SourceQuality "1"]

1. d4 d5 2. c4 c6 3. Nf3 Nf6 4. g3 dxc4 5. Bg2 g6 6. 0-0 Bg7 7. Ne5 Be6 8. Na3 0-0 9. Naxc4 Nbd7 10. e4 Nxe5 11. Nxe5 Nd7 12. f4 Nxe5 13. fxe5 Qb6 14. Kh1 Rad8 15. d5 cxd5 16. exd5 Bxd5 17. Bxd5 e6 18. Qb3 Rxd5 0-1

[Event "Hamburg-ch MA"]
[Site "Hamburg"]
[Date "2013.05.26"]
[Round "9"]
[White "Harder, Clemens"]
[Black "Dumjahn, Carsten"]
[Result "1-0"]
[WhiteElo "2164"]
[BlackElo "2148"]
[PlyCount "107"]
[EventDate "2013.05.18"]
[EventType "swiss"]
[EventRounds "9"]
[EventCountry "GER"]
[SourceTitle "EXT 2022"]
[Source "ChessBase"]
[SourceDate "2021.10.06"]
[SourceVersion "1"]
[SourceVersionDate "2021.10.06"]
[SourceQuality "1"]

1. d4 d5 2. c4 dxc4 3. Nf3 Nf6 4. e3 b5 5. a4 b4 6. Bxc4 e6 7. 0-0 Be7 8. Nbd2 Bb7 9. Qe2 0-0 10. Rd1 c5 11. dxc5 Nbd7 12. b3 Nd5 13. Bxd5 Bxd5 14. e4 Bb7 15. c6 Bxc6 16. Nd4 Bb7 17. Nc4 Bc5 18. Bb2 Qe7 19. Na5 Nf6 20. Ndc6 Bxc6 21. Nxc6 Qc7 22. Bxf6 gxf6 23. Qb5 Bd6 24. g3 a6 25. Qc4 Rfc8 26. Rac1 Bf8 27. Qd4 Qb7 28. Na5 Qe7 29. Rxc8 Rxc8 30. Qb6 Rc2 31. Qxa6 Qc5 32. Rf1 Qd4 33. Qa8 Kg7 34. e5 fxe5 35. Qf3 Rc3 36. Qd1 Bc5 37. Kg2 Qxd1 38. Rxd1 Rc2 39. Nc4 Bxf2 40. Rd2 Rxd2 41. Nxd2 Ba7 42. Nc4 Kf6 43. Na5 Kf5 44. Nc6 Bc5 45. a5 Ke4 46. a6 Kd3 47. Nxb4+ Kd2 48. Nc6 e4 49. b4 Bb6 50. a7 Bxa7 51. Nxa7 e3 52. Nc6 e2 53. Ne5 Kc3 54. Kf2 1-0

[Event "Hamburg-ch MA"]
[Site "Hamburg"]
[Date "2013.05.25"]
[Round "8"]
[White "Jacoby, Gisbert"]
[Black "Harder, Clemens"]
[Result "1/2-1/2"]
[WhiteElo "2180"]
[BlackElo "2164"]
[PlyCount "41"]
[EventDate "2013.05.18"]
[EventType "swiss"]
[EventRounds "9"]
[EventCountry "GER"]
[SourceTitle "EXT 2022"]
[Source "ChessBase"]
[SourceDate "2021.10.06"]
[SourceVersion "1"]
[SourceVersionDate "2021.10.06"]
[SourceQuality "1"]

1. d4 d5 2. c4 c6 3. Nf3 Nf6 4. e3 Bf5 5. Bd3 Bxd3 6. Qxd3 e6 7. Nc3 Nbd7 8. 0-0 Be7 9. e4 Nxe4 10. Nxe4 dxe4 11. Qxe4 Nf6 12. Qe2 0-0 13. Rd1 Qc7 14. Bg5 Rfd8 15. a3 h6 16. Bh4 c5 17. Bg3 Bd6 18. b4 Bxg3 19. hxg3 cxb4 20. axb4 a6 21. Rac1 1/2-1/2

[Event "Hamburg-ch MA"]
[Site "Hamburg"]
[Date "2013.05.22"]
[Round "5"]
[White "Harder, Clemens"]
[Black "Colpe, Malte"]
[Result "0-1"]
[WhiteElo "2164"]
[BlackElo "2342"]
[PlyCount "72"]
[EventDate "2013.05.18"]
[EventType "swiss"]
[EventRounds "9"]
[EventCountry "GER"]
[SourceTitle "EXT 2022"]
[Source "ChessBase"]
[SourceDate "2021.10.06"]
[SourceVersion "1"]
[SourceVersionDate "2021.10.06"]
[SourceQuality "1"]

1. d4 d5 2. c4 c6 3. Nf3 Nf6 4. cxd5 cxd5 5. Nc3 Nc6 6. Bf4 Bf5 7. e3 e6 8. Bd3 Bxd3 9. Qxd3 Be7 10. 0-0 Nh5 11. Be5 0-0 12. Rfc1 f6 13. Bg3 Qd7 14. Na4 Nxg3 15. hxg3 Na5 16. Nc5 Bxc5 17. Rxc5 Nc4 18. b3 b6 19. Rxc4 dxc4 20. bxc4 Rac8 21. d5 Rc5 22. e4 Rfc8 23. Nd4 e5 24. Nf5 Rxc4 25. d6 R8c5 26. Qf3 g6 27. Ne7+ Kg7 28. Rd1 Rd4 29. Rxd4 exd4 30. Qb3 Qd8 31. f4 b5 32. Qe6 d3 33. Kf2 Rc3 34. Ke1 Rc1+ 35. Kd2 Qa5+ 36. Ke3 Qe1+ 0-1

[Event "Hamburg-ch MA"]
[Site "Hamburg"]
[Date "2013.05.19"]
[Round "2"]
[White "Harder, Clemens"]
[Black "Ritscher, Jan Paul"]
[Result "0-1"]
[WhiteElo "2164"]
[BlackElo "2316"]
[PlyCount "88"]
[EventDate "2013.05.18"]
[EventType "swiss"]
[EventRounds "9"]
[EventCountry "GER"]
[SourceTitle "EXT 2022"]
[Source "ChessBase"]
[SourceDate "2021.10.06"]
[SourceVersion "1"]
[SourceVersionDate "2021.10.06"]
[SourceQuality "1"]

1. d4 d5 2. c4 e6 3. Nf3 c6 4. Nc3 Nf6 5. e3 Nbd7 6. Qc2 a6 7. Be2 Be7 8. 0-0 b5 9. c5 a5 10. a3 Qc7 11. Bd2 e5 12. dxe5 Nxe5 13. Nxe5 Qxe5 14. f4 Qc7 15. b4 0-0 16. Bd3 g6 17. Rae1 axb4 18. axb4 Bd7 19. h3 Nh5 20. f5 gxf5 21. Bxf5 Bxf5 22. Rxf5 Ng7 23. Rf3 f5 24. Ne2 Bf6 25. Bc3 Bxc3 26. Qxc3 Rae8 27. Nd4 h6 28. Ref1 Qd7 29. Qd3 Re4 30. g4 Qe8 31. gxf5 Rf6 32. R1f2 Nh5 33. Rg2+ Kh7 34. Qa3 Re7 35. Ne6 Rexe6 36. fxe6 Rxf3 37. Qa7+ Kh8 38. Qd7 Rf8 39. e7 Rg8 40. Qe6 Rxg2+ 41. Kxg2 Kg7 42. Kg1 Nf6 43. Kf1 Qf7 44. Qxc6 Ne8+ 0-1

[Event "Berlin Lichtenrade op 08th"]
[Site "Berlin"]
[Date "2012.10.07"]
[Round "9"]
[White "Harder, Clemens"]
[Black "Gaerths, Ronny"]
[Result "1/2-1/2"]
[WhiteElo "2109"]
[BlackElo "2251"]
[PlyCount "29"]
[EventDate "2012.09.29"]
[EventType "swiss"]
[EventRounds "9"]
[EventCountry "GER"]
[SourceTitle "CBM 150 Extra"]
[Source "ChessBase"]
[SourceDate "2012.10.19"]
[SourceVersion "1"]
[SourceVersionDate "2012.10.19"]
[SourceQuality "1"]

1. d4 Nf6 2. c4 e6 3. Nc3 Bb4 4. Qc2 Nc6 5. Nf3 d6 6. a3 Bxc3+ 7. Qxc3 a5 8. b3 0-0 9. Bg5 h6 10. Bh4 g5 11. Bg3 Ne4 12. Qb2 f5 13. e3 Qf6 14. Rd1 Nxg3 15. hxg3 1/2-1/2

[Event "Hamburg-ch MA"]
[Site "Hamburg"]
[Date "2012.06.03"]
[Round "9"]
[White "Harder, Clemens"]
[Black "Schulz, Hans Juergen"]
[Result "1-0"]
[WhiteElo "2092"]
[BlackElo "2028"]
[PlyCount "55"]
[EventDate "2012.05.26"]
[EventType "swiss"]
[EventRounds "9"]
[EventCountry "GER"]
[SourceTitle "CBM 148 Extra"]
[Source "ChessBase"]
[SourceDate "2012.06.22"]
[SourceVersion "1"]
[SourceVersionDate "2012.06.22"]
[SourceQuality "1"]

1. e4 e5 2. Nf3 Nc6 3. Bc4 Nf6 4. Ng5 d5 5. exd5 Na5 6. Bb5+ c6 7. dxc6 bxc6 8. Qf3 Bd7 9. Bd3 h6 10. Ne4 Nxe4 11. Qxe4 Bd6 12. Qe2 0-0 13. Nc3 f5 14. b3 e4 15. Bc4+ Nxc4 16. Qxc4+ Kh7 17. Bb2 Qe7 18. 0-0-0 Rab8 19. f3 Rfe8 20. fxe4 fxe4 21. Rde1 Bf5 22. g4 Bg6 23. h4 Rb4 24. Nd5 Bf7 25. Qxb4 Bxd5 26. Qd4 Qb7 27. c4 Rc8 28. Kb1 1-0

[Event "Hamburg-ch MA"]
[Site "Hamburg"]
[Date "2012.05.30"]
[Round "6"]
[White "Harder, Clemens"]
[Black "Weiss, Siegfried"]
[Result "1/2-1/2"]
[WhiteElo "2092"]
[BlackElo "2089"]
[PlyCount "225"]
[EventDate "2012.05.26"]
[EventType "swiss"]
[EventRounds "9"]
[EventCountry "GER"]
[SourceTitle "CBM 148 Extra"]
[Source "ChessBase"]
[SourceDate "2012.06.22"]
[SourceVersion "1"]
[SourceVersionDate "2012.06.22"]
[SourceQuality "1"]

1. d4 e6 2. c4 f5 3. Nc3 Nf6 4. e3 Bb4 5. Nge2 b6 6. a3 Be7 7. Nf4 Bb7 8. f3 g5 9. Nd3 c5 10. b4 cxb4 11. axb4 Nc6 12. Qb3 a5 13. b5 Nb4 14. Ba3 0-0 15. Rc1 g4 16. Nxb4 axb4 17. Bxb4 gxf3 18. gxf3 Bxf3 19. Rg1+ Kh8 20. Be2 Bxe2 21. Kxe2 Bxb4 22. Qxb4 Qc7 23. Rg2 Rf7 24. c5 f4 25. Rf1 Nd5 26. Nxd5 exd5 27. Qb3 Re7 28. Qxd5 Rxe3+ 29. Kf2 Rae8 30. Kg1 f3 31. Rg3 f2+ 32. Kg2 Rxg3+ 33. hxg3 Rg8 34. Qf3 bxc5 35. Rxf2 cxd4 36. Qf6+ Rg7 37. Qf8+ Rg8 38. Qf6+ Rg7 39. g4 Qb7+ 40. Rf3 Qxb5 41. Qxd4 Qe2+ 42. Kg3 Qe1+ 43. Kg2 Qe2+ 44. Kg3 Qe1+ 45. Kg2 Qe7 46. Re3 Qf8 47. Rf3 Qe8 48. Rg3 Kg8 49. Qd6 Qd8 50. Qd5+ Kh8 51. Qd4 Qe7 52. Re3 Qf8 53. Rf3 Qb8 54. Kh3 Qe8 55. Qd6 Kg8 56. Qd5+ Rf7 57. Ra3 Qe7 58. Rf3 h6 59. Qc4 Kg7 60. Qd4+ Kg8 61. Qc4 Qe6 62. Qc8+ Kg7 63. Qc3+ Kh7 64. Qd3+ Kg8 65. Re3 Qf6 66. Qc4 Qf1+ 67. Qxf1 Rxf1 68. Rd3 Rf7 69. Kh4 Kh7 70. Kh5 Re7 71. g5 hxg5 72. Kxg5 Kg7 73. Kf5 Kf7 74. Rd6 Ke8 75. Rd2 Kd8 76. Ra2 Re6 77. Ra8+ Ke7 78. Ra7 Re1 79. Ra6 Re2 80. Rb6 Kd8 81. Rb7 Kc8 82. Ra7 Re7 83. Kf6 Rh7 84. Kg6 Rh2 85. Kf6 Re2 86. Kf5 Kd8 87. Kf6 Rf2+ 88. Ke5 Ke7 89. Kd5 Rd2+ 90. Ke5 Rh2 91. Kd5 Rh5+ 92. Kc4 Ke6 93. Ra8 Rh4+ 94. Kd3 Ke5 95. Ra5+ d5 96. Ra8 Rh3+ 97. Kd2 Ke4 98. Rg8 Rh2+ 99. Kd1 d4 100. Rg3 Kd5 101. Rd3 Kc4 102. Rg3 Ra2 103. Rh3 Rg2 104. Rf3 Rg4 105. Kd2 Rg2+ 106. Kd1 Kd5 107. Rh3 Ke4 108. Ra3 Rg4 109. Kd2 Rh4 110. Rb3 Rh2+ 111. Kd1 Ra2 112. Rh3 d3 113. Rh8 1/2-1/2

[Event "Hamburg-ch MA"]
[Site "Hamburg"]
[Date "2012.05.28"]
[Round "3"]
[White "Harder, Clemens"]
[Black "Hinrichs, Jan"]
[Result "1-0"]
[WhiteElo "2092"]
[BlackElo "1978"]
[PlyCount "101"]
[EventDate "2012.05.26"]
[EventType "swiss"]
[EventRounds "9"]
[EventCountry "GER"]
[SourceTitle "CBM 148 Extra"]
[Source "ChessBase"]
[SourceDate "2012.06.22"]
[SourceVersion "1"]
[SourceVersionDate "2012.06.22"]
[SourceQuality "1"]

1. d4 Nf6 2. c4 e6 3. Nf3 d5 4. Nc3 Be7 5. Bf4 0-0 6. e3 b6 7. cxd5 exd5 8. Bd3 Bb7 9. 0-0 c5 10. Rc1 Nbd7 11. Nb5 Ne4 12. dxc5 Ndxc5 13. Bb1 Bf6 14. b4 Ne6 15. Qd3 Nxf4 16. exf4 Bb2 17. Rcd1 a6 18. Qb3 Qe7 19. Qxb2 axb5 20. Rfe1 Qc7 21. Bxe4 dxe4 22. Nd4 Qxf4 23. Nxb5 Rfd8 24. Rd4 h6 25. g3 Qf6 26. Rxd8+ Rxd8 27. Qxf6 gxf6 28. Nc3 Kg7 29. Re3 Rd2 30. Kf1 b5 31. Ke1 Rb2 32. a3 Rb3 33. Nxb5 Rb1+ 34. Kd2 Rb2+ 35. Kc3 Rxf2 36. Nd6 Bd5 37. h4 f5 38. b5 Kf6 39. b6 Rf1 40. Kd4 Ke6 41. Nb5 Bc6 42. a4 Kd7 43. Rc3 Rb1 44. b7 Bxb7 45. Rc7+ Ke6 46. Rxb7 Rb4+ 47. Ke3 Rxa4 48. Nd4+ Ke5 49. Rb5+ Kf6 50. Rxf5+ Kg6 51. h5+ 1-0